000 00407 a2200169 4500
001 157040
020 _a9788574421575
040 _cEscola São Tomás de Aquino
100 _aMANZO, Maurizio
240 1 0 _aExercícios da imaginação
_lpor
245 1 0 _aExercícios da imaginação
300 _a88 p.
362 0 _a2015
440 1 _aMiguilim
697 _a*LITERATURA INFANTO JUVENIL
942 _cBK
999 _c157040
_d157040